| 000 | 00382nam a2200145Ia 4500 | ||
|---|---|---|---|
| 008 | 211202s9999||||xx |||||||||||||| ||und|| | ||
| 020 | _a9.7893505013e+012 | ||
| 082 |
_a302 _bSek/N |
||
| 100 | _aSekhar Pulugurta Chandra | ||
| 245 | 0 | _aNew Media The Virtual Media | |
| 250 | _a1st Edition | ||
| 260 |
_aNew Delhi _bB.R.Publishing Corporation _c2014 |
||
| 300 | _a376p | ||
| 942 | _cBK | ||
| 999 |
_c33628 _d33628 |
||